[Event "BEL-chT 2223"]
[Site "Belgium"]
[Date "2023.03.05"]
[Round "8.3"]
[White "De Vleeschauwer, Maarten"]
[Black "Van Vliet, Dennis"]
[Result "1-0"]
[WhiteElo "2266"]
[BlackElo "2027"]
[PlyCount "111"]
[EventDate "2022.09.25"]
[EventType "team-tourn"]
[EventRounds "11"]
[EventCountry "BEL"]
[SourceTitle "CBM 213 Extra"]
[Source "ChessBase"]
[SourceDate "2023.05.31"]
[SourceVersion "1"]
[SourceVersionDate "2023.05.31"]
[SourceQuality "1"]
[WhiteTeam "Wetteren"]
[BlackTeam "Wachtebeke"]
[WhiteTeamCountry "BEL"]
[BlackTeamCountry "BEL"]

1. e4 e6 2. Qe2 c5 3. f4 Nc6 4. d3 Be7 5. Nf3 d5 6. g3 b6 7. Bg2 a5 8. 0-0 Ba6 9. f5 Bc8 10. fxe6 Bxe6 11. exd5 Bxd5 12. c4 Be6 13. Ne5 Nd4 14. Qd1 Rc8 15. Qa4+ Kf8 16. Nc3 Nf6 17. Bf4 Kg8 18. Rae1 h5 19. Qd1 h4 20. gxh4 Rxh4 21. Bg3 Rh6 22. Ne4 Nh5 23. Qd2 Nxg3 24. hxg3 f5 25. Nc3 Bg5 26. Qf2 f4 27. Bd5 Rh3 28. Ne4 Bxd5 29. cxd5 Rh5 30. Qg2 Nf5 31. gxf4 Bh4 32. Qg6 Qe8 33. Qxe8+ Rxe8 34. Re2 Ng3 35. Nxg3 Bxg3 36. d6 Bxf4 37. d7 Rg5+ 38. Kh1 Rh5+ 39. Kg2 Rg5+ 40. Kf3 Rf8 41. d8Q Bxe5+ 42. Qxf8+ Kxf8 43. Ke4+ Bf6 44. Rf5 Rg3 45. Rd5 Rg4+ 46. Kf5 Rh4 47. Rd7 c4 48. dxc4 Rxc4 49. Rb7 Rc6 50. b3 Rd6 51. a4 Rc6 52. Re6 Rc5+ 53. Ke4 Rc1 54. Rexb6 Rb1 55. Rc6 Kg8 56. Rc5 1-0

[Event "BEL-chT 2122"]
[Site "Belgium"]
[Date "2022.03.20"]
[Round "4.8"]
[White "Van Vliet, Dennis"]
[Black "Hautot, Stephane"]
[Result "0-1"]
[WhiteElo "2086"]
[BlackElo "2321"]
[PlyCount "88"]
[EventDate "2021.10.24"]
[EventType "team-tourn"]
[EventRounds "11"]
[EventCountry "BEL"]
[SourceTitle "EXT 2023"]
[Source "ChessBase"]
[SourceDate "2022.10.05"]
[SourceVersion "1"]
[SourceVersionDate "2022.10.05"]
[SourceQuality "1"]
[WhiteTeam "Wachtebeke"]
[BlackTeam "Wirtzfeld"]
[WhiteTeamCountry "BEL"]
[BlackTeamCountry "BEL"]

1. d4 d5 2. c4 e6 3. Nc3 Nf6 4. cxd5 Nxd5 5. e4 Nf6 6. Be3 b6 7. Nf3 Bb7 8. Bb5+ c6 9. Bd3 Be7 10. h3 Nbd7 11. a4 a6 12. Qc2 c5 13. Rd1 cxd4 14. Bxd4 Qc7 15. 0-0 h6 16. Rc1 Qb8 17. Qe2 Bc5 18. Qe3 Bxd4 19. Nxd4 0-0 20. Bb1 Re8 21. Rfe1 Nf8 22. e5 Nd5 23. Nxd5 Bxd5 24. Be4 Qb7 25. Bxd5 Qxd5 26. Rc7 Ng6 27. Nf3 Rab8 28. h4 Re7 29. Rec1 Qd8 30. R7c6 Rd7 31. Qe2 a5 32. Qa6 Rd1+ 33. Rxd1 Qxd1+ 34. Kh2 Qxa4 35. Rxb6 Rxb6 36. Qxb6 Kh7 37. h5 Nxe5 38. Nd4 Qd1 39. f3 Qe1 40. Qc5 Qh4+ 41. Kg1 Qe1+ 42. Kh2 Nd3 43. Qa7 Qh4+ 44. Kg1 Qf2+ 0-1

[Event "BEL-chT 2122"]
[Site "Belgium"]
[Date "2022.02.13"]
[Round "7.6"]
[White "Van Vliet, Dennis"]
[Black "Lui, Eric"]
[Result "1-0"]
[WhiteElo "2086"]
[BlackElo "1874"]
[PlyCount "55"]
[EventDate "2021.10.24"]
[EventType "team-tourn"]
[EventRounds "11"]
[EventCountry "BEL"]
[SourceTitle "EXT 2023"]
[Source "ChessBase"]
[SourceDate "2022.10.05"]
[SourceVersion "1"]
[SourceVersionDate "2022.10.05"]
[SourceQuality "1"]
[WhiteTeam "Wachtebeke"]
[BlackTeam "Montigny Fontaine"]
[WhiteTeamCountry "BEL"]
[BlackTeamCountry "BEL"]

1. d4 Nf6 2. c4 e6 3. Nc3 c5 4. d5 exd5 5. cxd5 d6 6. Nf3 g6 7. Bf4 a6 8. a4 Bg7 9. h3 0-0 10. e3 Re8 11. Nd2 Nh5 12. Bh2 f5 13. Be2 Nf6 14. Nc4 Ne4 15. Nxe4 Rxe4 16. Nxd6 Rb4 17. Nc4 Rxc4 18. Bxc4 Bxb2 19. 0-0 Bxa1 20. d6+ Kg7 21. Qxa1+ Kh6 22. Be5 g5 23. f4 g4 24. hxg4 fxg4 25. f5 Qf8 26. e4 Nc6 27. Bf4+ Kh5 28. Kf2 1-0

[Event "Bremen Silvester op"]
[Site "Bremen"]
[Date "2021.12.28"]
[Round "4"]
[White "Van Vliet, Dennis"]
[Black "Schmitzer, Klaus"]
[Result "1/2-1/2"]
[WhiteElo "2085"]
[BlackElo "2205"]
[PlyCount "96"]
[EventDate "2021.12.21"]
[EventType "swiss"]
[EventRounds "7"]
[EventCountry "GER"]
[SourceTitle "CBM 205 Extra"]
[Source "ChessBase"]
[SourceDate "2022.01.31"]
[SourceVersion "1"]
[SourceVersionDate "2022.01.31"]
[SourceQuality "1"]

1. d4 e6 2. c4 b6 3. e4 Bb7 4. Bd3 Nc6 5. Ne2 Nb4 6. Nbc3 Nxd3+ 7. Qxd3 g6 8. h4 h5 9. Bg5 Be7 10. Bxe7 Qxe7 11. 0-0-0 0-0-0 12. d5 a6 13. Qe3 d6 14. b4 Nf6 15. f3 exd5 16. cxd5 Rde8 17. Rd2 Qe5 18. Rhd1 Nd7 19. Rc2 f5 20. Nf4 Qf6 21. Kb1 Kb8 22. Rdc1 Rc8 23. Nce2 Ne5 24. Ne6 Rh7 25. Ng5 Re7 26. Nd4 fxe4 27. fxe4 Ng4 28. Qd3 Qe5 29. Nge6 Nf6 30. Re2 Ng4 31. a4 Nf6 32. a5 b5 33. Rc6 Nxd5 34. exd5 Qxd5 35. Nf4 Qf7 36. Rxe7 Qxe7 37. Rc1 Qxh4 38. g3 Qg4 39. Nc6+ Bxc6 40. Rxc6 Kb7 41. Qd5 Qf5+ 42. Qxf5 gxf5 43. Rc3 Rh8 44. Nd5 Rh7 45. Nf6 Rh6 46. Nd5 Rh7 47. Nf6 Rh6 48. Nd5 Rh7 1/2-1/2

[Event "EU-ch Online U2300 Qual"]
[Site "Chess.com INT"]
[Date "2020.05.25"]
[Round "7"]
[White "Dudin, Gleb"]
[Black "Van Vliet, Dennis"]
[Result "1-0"]
[WhiteElo "2387"]
[BlackElo "2072"]
[PlyCount "93"]
[EventDate "2020.05.25"]
[EventType "swiss"]
[EventRounds "8"]
[EventCountry "NET"]
[SourceTitle "EXT 2021"]
[Source "ChessBase"]
[SourceDate "2020.10.23"]
[SourceVersion "1"]
[SourceVersionDate "2020.10.23"]
[SourceQuality "1"]

1. d4 Nf6 2. c4 c5 3. d5 b5 4. cxb5 g6 5. Nc3 a6 6. bxa6 Bxa6 7. Nf3 d6 8. e4 Bxf1 9. Kxf1 Bg7 10. g3 0-0 11. Kg2 Nbd7 12. a4 Ra6 13. Qe2 Qa8 14. Rd1 Rc8 15. Nd2 e6 16. Nc4 exd5 17. Nxd5 Nxd5 18. exd5 Ne5 19. Ra3 Rb8 20. b3 Nxc4 21. Qxc4 Rb4 22. Qe2 Rab6 23. Qf3 c4 24. bxc4 Rxc4 25. a5 Ra6 26. Bf4 Rc5 27. Qe4 Bf8 28. Re3 Raxa5 29. Qe8 Rc8 30. Qe4 Ra4 31. Qf3 Re8 32. Rc3 Rae4 33. Rc7 f5 34. h4 Qd8 35. Rdc1 h6 36. Rb7 Qf6 37. Rc6 g5 38. hxg5 hxg5 39. Qh5 R8e7 40. Bxg5 Qg7 41. Bxe7 Bxe7 42. Rc8+ Bf8 43. Rxg7+ Kxg7 44. Qg5+ Kf7 45. Qxf5+ Ke7 46. Qxf8+ Kd7 47. Qd8# 1-0

[Event "EU-ch Online U2300 Qual"]
[Site "Chess.com INT"]
[Date "2020.05.25"]
[Round "4"]
[White "Van Vliet, Dennis"]
[Black "Guliev, Sarhan"]
[Result "1-0"]
[WhiteElo "2072"]
[BlackElo "2308"]
[PlyCount "101"]
[EventDate "2020.05.25"]
[EventType "swiss"]
[EventRounds "8"]
[EventCountry "NET"]
[SourceTitle "EXT 2021"]
[Source "ChessBase"]
[SourceDate "2020.10.23"]
[SourceVersion "1"]
[SourceVersionDate "2020.10.23"]
[SourceQuality "1"]

1. d4 Nf6 2. c4 g6 3. Nc3 Bg7 4. e4 d6 5. Be2 0-0 6. Nf3 e5 7. 0-0 Nc6 8. d5 Ne7 9. Ne1 Ne8 10. Nd3 f5 11. Bd2 f4 12. Bg4 Nf6 13. Bxc8 Qxc8 14. f3 g5 15. Nf2 h5 16. h3 Rf7 17. b4 Rf8 18. c5 Rf7 19. a4 Bf8 20. a5 Ng6 21. Rc1 Rg7 22. cxd6 cxd6 23. Nb5 Qd8 24. Rc3 a6 25. Na3 b5 26. Qe2 g4 27. fxg4 hxg4 28. Nxg4 Nxg4 29. hxg4 Be7 30. Rfc1 Bh4 31. Rh3 Bg3 32. Be1 Rc8 33. Rc6 Rgc7 34. Rh6 Rg7 35. Nb1 Rgc7 36. Rxg6+ Kh7 37. Rgxd6 Qh4 38. Bxg3 fxg3 39. Rh6+ Qxh6 40. Rxh6+ Kxh6 41. Qe3+ Kg6 42. Qxg3 Rc1+ 43. Kf2 R8c2+ 44. Ke3 Rc8 45. Qxe5 Re1+ 46. Kf2 Rcc1 47. Qe6+ Kg7 48. Nd2 Red1 49. Nf3 Rc2+ 50. Kg3 Rcc1 51. Qe7+ 1-0

[Event "Bruges Masters"]
[Site "Bruges"]
[Date "2019.08.14"]
[Round "8"]
[White "Leenhouts, Koen"]
[Black "Van Vliet, Dennis"]
[Result "1-0"]
[WhiteElo "2425"]
[BlackElo "2057"]
[PlyCount "41"]
[EventDate "2019.08.11"]
[EventType "swiss"]
[EventRounds "9"]
[EventCountry "BEL"]
[SourceTitle "CBM 191 Extra"]
[Source "ChessBase"]
[SourceDate "2019.09.30"]
[SourceVersion "1"]
[SourceVersionDate "2019.09.30"]
[SourceQuality "1"]

1. d4 e6 2. c4 Nf6 3. Nc3 Bb4 4. Qc2 0-0 5. Nf3 b6 6. e4 Bxc3+ 7. bxc3 d6 8. Bd3 h6 9. 0-0 Bb7 10. Ba3 c5 11. d5 e5 12. Rae1 Nh5 13. Bc1 Bc8 14. Be2 Nd7 15. Nxe5 Nxe5 16. Bxh5 Nxc4 17. Be2 b5 18. f4 f5 19. e5 Bb7 20. e6 Bxd5 21. Bxc4 1-0

[Event "BEL-chT 1819"]
[Site "Belgium"]
[Date "2018.10.28"]
[Round "3.8"]
[White "Van Vliet, Dennis"]
[Black "Memeti, Kastriot"]
[Result "0-1"]
[WhiteElo "2080"]
[BlackElo "2152"]
[PlyCount "62"]
[EventDate "2018.09.30"]
[EventType "team-tourn"]
[EventRounds "11"]
[EventCountry "BEL"]
[SourceTitle "CBM 187 Extra"]
[Source "ChessBase"]
[SourceDate "2018.11.04"]
[SourceVersion "1"]
[SourceVersionDate "2018.11.04"]
[SourceQuality "1"]
[WhiteTeam "Wachtebeke"]
[BlackTeam "Echiquier Mosan"]
[WhiteTeamCountry "BEL"]
[BlackTeamCountry "BEL"]

1. d4 e6 2. c4 Bb4+ 3. Nc3 b6 4. e4 Bb7 5. Bd3 f5 6. Qh5+ g6 7. Qe2 Nf6 8. Bg5 h6 9. Bxf6 Qxf6 10. Nf3 Nc6 11. e5 Qf7 12. Qc2 g5 13. a3 g4 14. axb4 gxf3 15. Nb5 fxg2 16. Rg1 a6 17. d5 Nxb4 18. Nxc7+ Kd8 19. Qd2 Nxd3+ 20. Qxd3 Kxc7 21. Qa3 Qf8 22. d6+ Kb8 23. Qe3 Qd8 24. Ra3 Bc6 25. Rb3 Kb7 26. f3 Rg8 27. Qxh6 b5 28. Rc3 Qa5 29. Qd2 b4 30. Re3 Qc5 31. Kf2 f4 0-1

[Event "BEL-chT 1718"]
[Site "Belgium"]
[Date "2018.04.29"]
[Round "11.7"]
[White "Piacentini, Claudio"]
[Black "Van Vliet, Dennis"]
[Result "1/2-1/2"]
[WhiteElo "2151"]
[BlackElo "2034"]
[PlyCount "54"]
[EventDate "2017.09.24"]
[EventType "team-tourn"]
[EventRounds "11"]
[EventCountry "BEL"]
[SourceTitle "EXT 2019"]
[Source "ChessBase"]
[SourceDate "2018.10.10"]
[SourceVersion "1"]
[SourceVersionDate "2018.10.10"]
[SourceQuality "1"]
[WhiteTeam "Charleroi CREC"]
[BlackTeam "Wachtebeke"]
[WhiteTeamCountry "BEL"]
[BlackTeamCountry "BEL"]

1. e4 e6 2. d4 d5 3. Nc3 Bb4 4. e5 c5 5. Bd2 Nh6 6. Nf3 cxd4 7. Nb5 Bxd2+ 8. Qxd2 0-0 9. Nbxd4 Nc6 10. Bd3 f6 11. Nxc6 bxc6 12. 0-0-0 Nf7 13. Rhe1 fxe5 14. Nxe5 Nxe5 15. Rxe5 Qf6 16. Re2 e5 17. f3 e4 18. fxe4 Bg4 19. exd5 cxd5 20. h3 Bxe2 21. Bxe2 Rad8 22. Qd4 Qxd4 23. Rxd4 Kf7 24. Bf3 Ke6 25. Kd2 Ke5 26. Kd3 g5 27. Ra4 Rf7 1/2-1/2

[Event "Krakow op-A 28th"]
[Site "Krakow"]
[Date "2017.12.30"]
[Round "4"]
[White "Lukasiewicz, Krzysztof"]
[Black "Van Vliet, Dennis"]
[Result "1-0"]
[WhiteElo "2218"]
[BlackElo "2038"]
[PlyCount "79"]
[EventDate "2017.12.27"]
[EventType "swiss"]
[EventRounds "9"]
[EventCountry "POL"]
[SourceTitle "CBM 182 Extra"]
[Source "ChessBase"]
[SourceDate "2018.02.23"]
[SourceVersion "1"]
[SourceVersionDate "2018.02.23"]
[SourceQuality "1"]

1. e4 e6 2. d4 d5 3. Nd2 Nf6 4. e5 Nfd7 5. Bd3 c5 6. c3 Nc6 7. Ne2 cxd4 8. cxd4 f6 9. exf6 Nxf6 10. Nf3 Qc7 11. 0-0 Bd6 12. h3 0-0 13. Be3 Bd7 14. Re1 Rae8 15. Nc3 a6 16. Rc1 Qb8 17. Na4 Nb4 18. Bb1 Bxa4 19. Qxa4 Nc6 20. Qd1 Bf4 21. Rc3 Nh5 22. Ne5 Bxe5 23. Qxh5 g6 24. Bxg6 hxg6 25. Qxg6+ Bg7 26. Bh6 Rf7 27. Rg3 Ree7 28. Bg5 Rd7 29. Bf6 Qf4 30. Rxe6 Ne7 31. Qh5 Rc7 32. Bxg7 Qxf2+ 33. Kh2 Rxg7 34. Rxg7+ Kxg7 35. Qe5+ Kf7 36. Rh6 Qc2 37. Qe6+ Kf8 38. Rh8+ Kg7 39. Qh6+ Kf7 40. Rf8# 1-0

[Event "Krakow op-A 28th"]
[Site "Krakow"]
[Date "2017.12.27"]
[Round "1"]
[White "Van Vliet, Dennis"]
[Black "Kyc, Jerzy"]
[Result "1-0"]
[WhiteElo "2038"]
[BlackElo "2265"]
[PlyCount "83"]
[EventDate "2017.12.27"]
[EventType "swiss"]
[EventRounds "9"]
[EventCountry "POL"]
[SourceTitle "CBM 182 Extra"]
[Source "ChessBase"]
[SourceDate "2018.02.23"]
[SourceVersion "1"]
[SourceVersionDate "2018.02.23"]
[SourceQuality "1"]

1. d4 Nf6 2. c4 g6 3. Nc3 d5 4. cxd5 Nxd5 5. e4 Nxc3 6. bxc3 Bg7 7. Nf3 c5 8. Rb1 0-0 9. Be2 Nc6 10. d5 Bxc3+ 11. Bd2 Bxd2+ 12. Qxd2 Nd4 13. Nxd4 cxd4 14. Qxd4 Qa5+ 15. Qd2 Qa4 16. Rb4 Qa5 17. 0-0 Bd7 18. Rfb1 Rac8 19. h4 Rc5 20. Qd4 b6 21. a4 Rfc8 22. Bc4 Bxa4 23. h5 Bc2 24. h6 f6 25. d6+ Kf8 26. Be6 Rd8 27. Ra1 Rxd6 28. Rxa5 Rxa5 29. Rc4 Ba4 30. Rc8+ Be8 31. Qc4 Rc5 32. Rxc5 bxc5 33. Bd5 a5 34. Qxc5 a4 35. Qa7 Rd8 36. g4 Rd6 37. Qa8 e6 38. Qa7 Bd7 39. Qc5 Ke7 40. g5 exd5 41. gxf6+ Ke6 42. f7 1-0

[Event "Prague op 16th"]
[Site "Prague"]
[Date "2017.01.16"]
[Round "5"]
[White "Van Vliet, Dennis"]
[Black "Ozen, Bahadir"]
[Result "1-0"]
[WhiteElo "2056"]
[BlackElo "2388"]
[PlyCount "83"]
[EventDate "2017.01.13"]
[EventType "swiss"]
[EventRounds "9"]
[EventCountry "CZE"]
[SourceTitle "CBM 176 Extra"]
[Source "ChessBase"]
[SourceDate "2017.03.02"]
[SourceVersion "1"]
[SourceVersionDate "2017.03.02"]
[SourceQuality "1"]

1. d4 d6 2. c4 e5 3. Nf3 Nd7 4. Nc3 Ngf6 5. e3 g6 6. Be2 Bg7 7. b4 0-0 8. b5 Re8 9. 0-0 e4 10. Nd2 Nf8 11. f3 exf3 12. Nxf3 Bh6 13. e4 Bxc1 14. Qxc1 Nxe4 15. Nxe4 Rxe4 16. Bd3 Re8 17. Qh6 Qf6 18. Qd2 Qg7 19. Rae1 Bg4 20. Be4 Ne6 21. Bxb7 Rab8 22. Bc6 Rf8 23. d5 Bxf3 24. Rxf3 Nd4 25. Rfe3 a6 26. a4 axb5 27. cxb5 Nxc6 28. dxc6 Qh6 29. Qd5 Ra8 30. Re4 Qg7 31. Qd2 h5 32. a5 d5 33. Re7 h4 34. b6 cxb6 35. axb6 Ra1 36. b7 Rxe1+ 37. Rxe1 f5 38. Qxd5+ Kh7 39. Qe5 Qxb7 40. cxb7 Rc8 41. Qe7+ Kh8 42. bxc8Q# 1-0

[Event "Prague op 16th"]
[Site "Prague"]
[Date "2017.01.13"]
[Round "1"]
[White "Van Vliet, Dennis"]
[Black "Grishchenko, Sergey"]
[Result "0-1"]
[WhiteElo "2056"]
[BlackElo "2467"]
[PlyCount "60"]
[EventDate "2017.01.13"]
[EventType "swiss"]
[EventRounds "9"]
[EventCountry "CZE"]
[SourceTitle "CBM 176 Extra"]
[Source "ChessBase"]
[SourceDate "2017.03.02"]
[SourceVersion "1"]
[SourceVersionDate "2017.03.02"]
[SourceQuality "1"]

1. d4 d5 2. c4 e6 3. Nc3 c5 4. e3 Nf6 5. Nf3 Nc6 6. a3 a6 7. Bd3 dxc4 8. Bxc4 b5 9. Ba2 Bb7 10. 0-0 Qc7 11. Qe2 Rd8 12. Rd1 Be7 13. dxc5 Rxd1+ 14. Nxd1 Bxc5 15. b4 Bd6 16. Bb2 0-0 17. h3 Ne4 18. Rc1 Qb8 19. Nc3 Nf6 20. Bb1 Ne5 21. Nxe5 Bxe5 22. f4 Bc7 23. Nd1 Rc8 24. Nf2 Bb6 25. Rxc8+ Qxc8 26. Qd3 Qc6 27. Kf1 Qxg2+ 28. Ke1 Bd5 29. Ng4 Qxb2 30. Nxf6+ gxf6 0-1

[Event "BEL-chT 1617"]
[Site "Belgium"]
[Date "2016.12.04"]
[Round "5.8"]
[White "Van Vliet, Dennis"]
[Black "Sclacmender, Julien"]
[Result "0-1"]
[WhiteElo "2082"]
[BlackElo "2204"]
[PlyCount "80"]
[EventDate "2016.10.02"]
[EventType "team-tourn"]
[EventRounds "11"]
[EventCountry "BEL"]
[SourceTitle "EXT 2018"]
[Source "ChessBase"]
[SourceDate "2017.10.13"]
[SourceVersion "1"]
[SourceVersionDate "2017.10.13"]
[SourceQuality "1"]
[WhiteTeam "Wachtebeke"]
[BlackTeam "Charleroi CREC"]
[WhiteTeamCountry "BEL"]
[BlackTeamCountry "BEL"]

1. d4 Nf6 2. c4 g6 3. Nc3 d5 4. cxd5 Nxd5 5. e4 Nxc3 6. bxc3 c5 7. Nf3 Bg7 8. Rb1 0-0 9. Be2 cxd4 10. cxd4 Qa5+ 11. Qd2 Qxd2+ 12. Bxd2 b6 13. 0-0 Bb7 14. Bd3 e6 15. a4 Nc6 16. d5 exd5 17. exd5 Nd4 18. Nxd4 Bxd4 19. Bc4 Rac8 20. Bb3 Kg7 21. Rfd1 Be5 22. Bb4 Rfd8 23. Rd3 Rd7 24. Re1 Bf6 25. d6 a5 26. Ba3 Ba6 27. Rde3 b5 28. axb5 Bxb5 29. g4 a4 30. Bd1 h6 31. g5 Bxg5 32. Re5 Bc6 33. Bg4 f5 34. Bb2 Kf8 35. Bxf5 gxf5 36. f4 Bxf4 37. Rxf5+ Rf7 38. Rxf7+ Kxf7 39. Rf1 Rg8+ 40. Kf2 Bxd6 0-1

[Event "Veliko Gradiste Silver Lake op"]
[Site "Veliko Gradiste"]
[Date "2016.06.26"]
[Round "9"]
[White "Van Vliet, Dennis"]
[Black "Dodic, Dragan"]
[Result "0-1"]
[WhiteElo "2131"]
[BlackElo "2033"]
[PlyCount "84"]
[EventDate "2016.06.19"]
[EventType "swiss"]
[EventRounds "9"]
[EventCountry "SRB"]
[SourceTitle "EXT 2017"]
[Source "ChessBase"]
[SourceDate "2016.10.25"]
[SourceVersion "1"]
[SourceVersionDate "2016.10.25"]
[SourceQuality "1"]

1. d4 d5 2. c4 e6 3. Nc3 Nf6 4. cxd5 exd5 5. Bg5 Be7 6. e3 c6 7. Qc2 0-0 8. Bd3 Nbd7 9. Nge2 Re8 10. 0-0 Nf8 11. Rab1 g6 12. b4 a6 13. a4 b5 14. axb5 cxb5 15. Nf4 Be6 16. Qb3 N8d7 17. Ra1 Nb6 18. Ra2 Qd6 19. Nxe6 fxe6 20. Bxf6 Bxf6 21. Rfa1 Rec8 22. Rxa6 Be7 23. Rxa8 Nxa8 24. Rb1 Nc7 25. h3 Kg7 26. Qa2 Ra8 27. Qe2 Rb8 28. f4 Na6 29. Na2 Nc7 30. Rc1 Na6 31. Rb1 Nc7 32. Qg4 Ra8 33. Nc3 Ra3 34. Nxb5 Nxb5 35. Bxb5 Rxe3 36. Bf1 Bf6 37. Kh1 Bxd4 38. b5 Re4 39. g3 Bb6 40. Rc1 Qa3 41. Qg5 h6 42. Rc3 Qb4 0-1

[Event "Lille Luce op 6th"]
[Site "Lille"]
[Date "2015.05.06"]
[Round "4"]
[White "Van Vliet, Dennis"]
[Black "Wuhrmann, Daniel"]
[Result "1-0"]
[WhiteElo "2109"]
[BlackElo "1723"]
[PlyCount "91"]
[EventDate "2015.05.04"]
[EventType "swiss"]
[EventRounds "9"]
[EventCountry "FRA"]
[SourceTitle "EXT 2017"]
[Source "ChessBase"]
[SourceDate "2016.10.25"]
[SourceVersion "1"]
[SourceVersionDate "2016.10.25"]
[SourceQuality "1"]

1. d4 Nf6 2. c4 e6 3. Nc3 Bb4 4. f3 c5 5. a3 Bxc3+ 6. bxc3 Qa5 7. Bd2 d6 8. e4 e5 9. Bd3 Nbd7 10. Ne2 Qc7 11. d5 0-0 12. g4 Re8 13. Ng3 Nf8 14. Bc2 Ng6 15. h4 Nf4 16. Qc1 Qa5 17. h5 h6 18. Ne2 Nxg4 19. fxg4 Bxg4 20. Nxf4 exf4 21. Kf2 f5 22. Qg1 Re7 23. Rh4 fxe4 24. Qxg4 e3+ 25. Kg1 exd2 26. Qg6 Re1+ 27. Kf2 Qxc3 28. Qh7+ Kf8 29. Rxf4+ Ke7 30. Re4+ Rxe4 31. Qxe4+ Kf8 32. Rf1 Qe5 33. Kg2+ Ke7 34. Qxe5+ dxe5 35. Kf2 a6 36. Ke3 b5 37. Kxd2 bxc4 38. Kc3 Kd6 39. Kxc4 Rb8 40. Rb1 Rf8 41. Rb6+ Kc7 42. Rc6+ Kd7 43. Kxc5 Rf2 44. Ba4 Kd8 45. Rxa6 Rf3 46. d6 1-0

[Event "Neckar op-A 19th"]
[Site "Deizisau"]
[Date "2015.04.02"]
[Round "1"]
[White "Van Vliet, Dennis"]
[Black "Lubbe, Nikolas"]
[Result "0-1"]
[WhiteElo "2102"]
[BlackElo "2477"]
[PlyCount "80"]
[EventDate "2015.04.02"]
[EventType "swiss"]
[EventRounds "9"]
[EventCountry "GER"]
[SourceTitle "EXT 2016"]
[Source "ChessBase"]
[SourceDate "2015.10.08"]
[SourceVersion "1"]
[SourceVersionDate "2015.10.08"]
[SourceQuality "1"]

1. d4 Nf6 2. c4 c5 3. d5 e6 4. Nc3 exd5 5. cxd5 d6 6. e4 g6 7. Bd3 Bg7 8. h3 0-0 9. Nf3 a6 10. a4 Nbd7 11. 0-0 Qe7 12. Bf4 Nh5 13. Bg5 Bf6 14. Qd2 Ne5 15. Bh6 Nxf3+ 16. gxf3 Bxh3 17. Rfe1 Rfe8 18. Kh2 Bd7 19. Rh1 Be5+ 20. Kg2 Qf6 21. Ne2 b5 22. Rag1 c4 23. Rxh5 cxd3 24. Bg5 Qh8 25. Nf4 gxh5 26. Bh6 f5 27. Ne6 Bxe6 28. Qg5+ Kf7 29. Qxh5+ Ke7 30. Bg5+ Bf6 31. dxe6 Rf8 32. Rc1 Qg8 33. Rc7+ Kxe6 34. exf5+ Kd5 35. f4 Kd4 36. Qh4 Rae8 37. f3 Re2+ 38. Kf1 Qb3 39. Bxf6+ Kd5 40. Rc1 d2 0-1

[Event "Cappelle op 30th"]
[Site "Cappelle la Grande"]
[Date "2014.03.05"]
[Round "6"]
[White "Van Vliet, Dennis"]
[Black "Ivanov, Mikhail M"]
[Result "0-1"]
[WhiteElo "2093"]
[BlackElo "2367"]
[PlyCount "78"]
[EventDate "2014.03.01"]
[EventType "swiss"]
[EventRounds "9"]
[EventCountry "FRA"]
[SourceTitle "CBM 159 Extra"]
[Source "ChessBase"]
[SourceDate "2014.04.24"]
[SourceVersion "1"]
[SourceVersionDate "2014.04.24"]
[SourceQuality "1"]

1. d4 e6 2. c4 b6 3. Nc3 Bb7 4. f3 Bd6 5. Nh3 e5 6. Bg5 f6 7. dxe5 Bxe5 8. Bd2 f5 9. Qc2 Qh4+ 10. g3 Qf6 11. 0-0-0 Na6 12. Nd5 Qf8 13. f4 Bd6 14. e4 0-0-0 15. e5 Bc5 16. a3 c6 17. Ne3 Nh6 18. Bg2 g6 19. Rhe1 Nc7 20. Bc3 Ne6 21. b4 Be7 22. Kb2 Nf7 23. Nd5 h5 24. a4 h4 25. a5 bxa5 26. Qa4 cxd5 27. cxd5 Bxb4 28. d6 Bxc3+ 29. Kxc3 Bxg2 30. Qxa5 Nxd6 31. Rxd6 Kb8 32. Rb1+ Ka8 33. Ra1 Rc8+ 34. Kd2 Rc7 35. Ng5 Qb8 36. Nxe6 dxe6 37. Rb1 Qxb1 38. Qxc7 Qb2+ 39. Ke1 hxg3 0-1

[Event "SRB Central-ch op-A 6th"]
[Site "Paracin"]
[Date "2013.07.11"]
[Round "8"]
[White "Jovanovic, Aleksandar D"]
[Black "Van Vliet, Dennis"]
[Result "1-0"]
[WhiteElo "2229"]
[BlackElo "2079"]
[PlyCount "81"]
[EventDate "2013.07.05"]
[EventType "swiss"]
[EventRounds "9"]
[EventCountry "SRB"]
[SourceTitle "CBM 155 Extra"]
[Source "ChessBase"]
[SourceDate "2013.08.26"]
[SourceVersion "1"]
[SourceVersionDate "2013.08.26"]
[SourceQuality "1"]

1. d4 d5 2. c4 e6 3. Nc3 c5 4. Nf3 Nc6 5. e3 Nf6 6. Bd3 cxd4 7. exd4 dxc4 8. Bxc4 Be7 9. 0-0 0-0 10. Be3 b6 11. Qe2 Bb7 12. Rfd1 Na5 13. Bd3 Nd5 14. Rac1 Rc8 15. Ne5 f5 16. Bb5 f4 17. Bd2 f3 18. Nxf3 Nxc3 19. Rxc3 Rxc3 20. Qxe6+ Kh8 21. bxc3 Bd5 22. Qh3 Bxf3 23. Bd3 h6 24. gxf3 Bg5 25. Be3 Qf6 26. Kg2 Nb7 27. c4 Nd8 28. Be4 Ne6 29. Qg4 Rd8 30. Bf5 Nf8 31. f4 Bh4 32. d5 Qe7 33. d6 Qb7+ 34. Qf3 Qxf3+ 35. Kxf3 Kg8 36. a4 Kf7 37. a5 g6 38. Bh3 Rb8 39. axb6 axb6 40. Rb1 Bd8 41. c5 1-0

[Event "SRB Central-ch op-A 6th"]
[Site "Paracin"]
[Date "2013.07.09"]
[Round "6"]
[White "Bejatovic, Bojana"]
[Black "Van Vliet, Dennis"]
[Result "0-1"]
[WhiteElo "2002"]
[BlackElo "2079"]
[PlyCount "70"]
[EventDate "2013.07.05"]
[EventType "swiss"]
[EventRounds "9"]
[EventCountry "SRB"]
[SourceTitle "CBM 155 Extra"]
[Source "ChessBase"]
[SourceDate "2013.08.26"]
[SourceVersion "1"]
[SourceVersionDate "2013.08.26"]
[SourceQuality "1"]

1. Nf3 d5 2. d4 c5 3. e3 Nf6 4. c4 e6 5. Nbd2 cxd4 6. Nxd4 Nc6 7. Nxc6 bxc6 8. Be2 Bd6 9. 0-0 0-0 10. b3 e5 11. cxd5 cxd5 12. Nf3 Qe7 13. Bb2 Bf5 14. Qd2 a5 15. Rfd1 Bb4 16. Bc3 Ne4 17. Bxb4 axb4 18. Qb2 Nc3 19. Rdc1 Rfc8 20. Bf1 Ra3 21. Qd2 h6 22. h3 Qc7 23. Nh4 Bh7 24. Nf3 Rca8 25. Kh1 Be4 26. Be2 Qe7 27. Rxc3 bxc3 28. Qxc3 Rxa2 29. Rxa2 Rxa2 30. Nd2 Bf5 31. Bf3 d4 32. Qc1 Qa7 33. Kh2 dxe3 34. Ne4 exf2 35. Qc4 Qe3 0-1

[Event "SRB Central-ch op-A 6th"]
[Site "Paracin"]
[Date "2013.07.06"]
[Round "3"]
[White "Scekic, Veljko"]
[Black "Van Vliet, Dennis"]
[Result "1/2-1/2"]
[WhiteElo "2181"]
[BlackElo "2079"]
[PlyCount "28"]
[EventDate "2013.07.05"]
[EventType "swiss"]
[EventRounds "9"]
[EventCountry "SRB"]
[SourceTitle "CBM 155 Extra"]
[Source "ChessBase"]
[SourceDate "2013.08.26"]
[SourceVersion "1"]
[SourceVersionDate "2013.08.26"]
[SourceQuality "1"]

1. d4 d5 2. Nf3 c5 3. e3 Nf6 4. Bd3 Nbd7 5. b3 Qc7 6. c4 e5 7. dxe5 Nxe5 8. Bb2 Nxd3+ 9. Qxd3 dxc4 10. Qxc4 Be6 11. Qb5+ Bd7 12. Qc4 Be6 13. Qb5+ Bd7 14. Qc4 Be6 1/2-1/2